Snatak mahalar bharatiya samaj paddhati (Record no. 7661)

MARC details
000 -LEADER
fixed length control field 00503cam a2200205ua 4500
001 - CONTROL NUMBER
control field 8566
005 - DATE AND TIME OF LATEST TRANSACTION
control field 20260515114341.0
008 - FIXED-LENGTH DATA ELEMENTS--GENERAL INFORMATION
fixed length control field 150206n ii |||gr||||Z||||||asm
020 ## - INTERNATIONAL STANDARD BOOK NUMBER
International Standard Book Number 9788172131555
040 ## - CATALOGING SOURCE
Transcribing agency MAIN
041 ## - LANGUAGE CODE
Language code of text/sound track or separate title asm
082 ## - DEWEY DECIMAL CLASSIFICATION NUMBER
Classification number 301.0954
100 ## - MAIN ENTRY--PERSONAL NAME
Personal name Borah, R.,
Relator term Author.
245 1# - TITLE STATEMENT
Title Snatak mahalar bharatiya samaj paddhati
Statement of responsibility, etc. By Rajen Borah
250 ## - EDITION STATEMENT
Edition statement 1st.
260 ## - PUBLICATION, DISTRIBUTION, ETC.
Place of publication, distribution, etc. Guwahati:
Name of publisher, distributor, etc. Purbanchal,
Date of publication, distribution, etc. 2012.
300 ## - PHYSICAL DESCRIPTION
Extent 240p.
653 ## - INDEX TERM--UNCONTROLLED
Uncontrolled term Sociology & anthropology
942 ## - ADDED ENTRY ELEMENTS (KOHA)
Koha item type Books
Holdings
Withdrawn status Lost status Damaged status Not for loan Home library Current library Shelving location Date acquired Total checkouts Full call number Barcode Date last seen Date last checked out Copy number Price effective from Koha item type
        Naharkatiya College Library Naharkatiya College Library General stacks 09/19/2020 4 301.0954 | BOR 20722 04/25/2023 04/18/2023 1 09/19/2020 Books
        Naharkatiya College Library Naharkatiya College Library General stacks 09/19/2020 3 301.0954 | BOR 20812 06/01/2024 05/30/2024 3 09/19/2020 Books
        Naharkatiya College Library Naharkatiya College Library General stacks 09/19/2020 2 301.0954 | BOR 20813 06/01/2024 05/30/2024 2 09/19/2020 Books
        Naharkatiya College Library Naharkatiya College Library General stacks 09/19/2020 3 301.0954 | BOR 20814 03/30/2023 03/17/2023 4 09/19/2020 Books
        Naharkatiya College Library Naharkatiya College Library General stacks 09/19/2020   301.0954 | BOR 20816 09/19/2020   5 09/19/2020 Books